000 00406nam a2200181Ia 4500
001 17469
005 20260306171519.0
008 260306s9999||||xx |||||||||||||| ||und||
041 _aESP
082 _a658
_bG81
100 _aGriffin, Ricky W.
_eAUT
245 0 _aManagement
260 _c1990
300 _a884 páginas :il.
_c26 cm.
650 _aGEN
654 _aCAN
942 _cLIB
_dJUS
_fJUS
_2ddc
_n
999 _c17469
_d17469